000 00702nam a22002297a 4500
005 20170124110215.0
010 _a761755
020 _c00.00
035 _a761755
037 _bCen Lib/Ret
040 _aDPL
_bEN
082 _a915
_bMAI
100 _aMaillart, Ella K.
_938923
245 _aTurkestan solo :
_cby Ella K. Miallart; translated by John Rodker
_bone woman's expedition from the Tien Shah to the Kizil kum /
260 _aNew York
_bG.P. Putnam's Sons
_c1935
270 _bNew York
300 _a305p.:
_c22cm(Hb)
_bill.
500 _aIncludes index
650 _aHistory
_zTurkemenistan
_938924
700 _aRodker, John
_938925
942 _2ddc
_cEN
_h915
_mMAI
999 _c133789
_d133789